000
00327nam a2200133Ia 4500
008
240624s9999 xx 000 0 und d
041
_a
eng
082
_a
658.422 CAR
100
_a
CARVER JOHN
245
_a
JOHN CARVER ON BOARD LEADERSHIP
260
_c
2001
_a
San Francisco
_b
Jossey-Bass
300
_a
720 : p.
365
_c
_b
30
999
_c
17491
_d
17491